skbl

Dr Suryya Kumar Bhuyan Library Web-OPAC
ডঃ সূৰ্য্য
কুমাৰ ভূঞা পুথিভঁৰাল ৱেব-অ'পেক

All Research Scholars are advised to clear the annual library fees to continue using Library Resources, Remote Access, Plagiarism Test and Library Clearance.

Cotton University Book Fair 2026

Penguin Masterstudies Hamlet / (Record no. 54211)

MARC details
000 -LEADER
fixed length control field 00610nam a2200241Ia 4500
001 - CONTROL NUMBER
control field 54248
005 - DATE AND TIME OF LATEST TRANSACTION
control field 20240114005416.0
007 - PHYSICAL DESCRIPTION FIXED FIELD--GENERAL INFORMATION
fixed length control field ta
008 - FIXED-LENGTH DATA ELEMENTS--GENERAL INFORMATION
fixed length control field 110722s1985 g b000 u 465 u
040 ## - CATALOGING SOURCE
Original cataloging agency Coptton College,Assa
041 ## - LANGUAGE CODE
Language code of text/sound track or separate title 465
082 ## - DEWEY DECIMAL CLASSIFICATION NUMBER
Classification number 822.33
Item number Sh 15 Ha
100 ## - MAIN ENTRY--PERSONAL NAME
Personal name Bolt, Sydney .
245 #0 - TITLE STATEMENT
Title Penguin Masterstudies Hamlet /
Statement of responsibility, etc. Sydney Bolt.
Medium Textual Documents
250 ## - EDITION STATEMENT
Edition statement ist /
260 ## - PUBLICATION, DISTRIBUTION, ETC.
Place of publication, distribution, etc. New York :
Name of publisher, distributor, etc. Penguin ,
Date of publication, distribution, etc. 1985.
300 ## - PHYSICAL DESCRIPTION
Extent 96pg ;
Dimensions 18cm.
653 ## - INDEX TERM--UNCONTROLLED
Uncontrolled term Hamlet
653 ## - INDEX TERM--UNCONTROLLED
Uncontrolled term MS-English-Hamlet
942 ## - ADDED ENTRY ELEMENTS (KOHA)
Source of classification or shelving scheme Dewey Decimal Classification
Koha item type Books
Holdings
Withdrawn status Lost status Damaged status Not for loan Collection Home library Current library Date acquired Coded location qualifier Total checkouts Full call number Barcode Date last seen Copy number Price effective from Koha item type
          Dr. Suryya Kumar Bhuyan Library Dr. Suryya Kumar Bhuyan Library 01/02/2012 00000   822.33 Sh 15 Ha 427/old 14/01/2024 1 01/02/2012 Books

Designed and Maintained by Team SKBL
©1901-2026

Powered by Koha